| 000 | 006980000a22002290004500 | ||
|---|---|---|---|
| 003 | LK-CoMWRAF | ||
| 005 | 20231027144710.0 | ||
| 008 | 230817t1995 ||||| |||| 00| 0 eng d | ||
| 020 | _a01905632265 | ||
| 040 |
_aLK-CoMWRAF _dLK-CoMWRAF _eLK-CoMWRAF |
||
| 041 | _aeng | ||
| 082 |
_a305.42 _bFRO |
||
| 245 |
_aFrom the seams of history: _bessays on Indian women |
||
| 260 |
_aDelhi: _bOxford University Press, _c1995 |
||
| 300 |
_axii, 294 p., [8] p. of plates : ill. ; 23 cm. _bIndex included |
||
| 490 | _aGender studies | ||
| 650 | _aWOMEN-India--Social conditions | ||
| 650 | _a Women's rights--India--History | ||
| 650 | _aFeminism--India. | ||
| 700 |
_a Ray, Bharati _eed. |
||
| 942 | _cBK | ||
| 999 |
_c1492 _d1492 |
||